LIBRARY & INFORMATION CENTRE, KCAET, TAVANUR

ONLINE PUBLIC ACCESS CATALOGUE (OPAC)

Marakkudakullile mahanagaram / (Record no. 1205)

MARC details
000 -LEADER
fixed length control field 00430cam a2200169ua 4500
041 ## - LANGUAGE CODE
Language code of text/sound track or separate title mal
082 ## - DEWEY DECIMAL CLASSIFICATION NUMBER
Classification number 894.8122
Item number BHA/MA
100 ## - MAIN ENTRY--AUTHOR NAME
Personal name Bhattathiripad, M.R .
245 ## - TITLE STATEMENT
Title Marakkudakullile mahanagaram /
260 ## - PUBLICATION, DISTRIBUTION, ETC. (IMPRINT)
Place of publication Thrissur :
Name of publisher Current Books ,
Year of publication 1958.
300 ## - PHYSICAL DESCRIPTION
Number of Pages 57 ; .
942 ## - ADDED ENTRY ELEMENTS (KOHA)
Koha item type Books
Holdings
Withdrawn status Lost status Damaged status Home library Current library Date acquired Full call number Accession Number Koha item type
Withdrawn     KAUAET Malayalam University 07/04/2012 894.8122 211 Books
free website counter